In search of excellence : (Record no. 185967)

000 -LEADER
fixed length control field 00743 a2200217 4500
003 - CONTROL NUMBER IDENTIFIER
control field Nust
005 - DATE AND TIME OF LATEST TRANSACTION
control field 20230118141305.0
010 ## - LIBRARY OF CONGRESS CONTROL NUMBER
LC control number 82047530
020 ## - INTERNATIONAL STANDARD BOOK NUMBER
International Standard Book Number 0060150424 :
040 ## - CATALOGING SOURCE
Transcribing agency Nust
082 00 - DEWEY DECIMAL CLASSIFICATION NUMBER
Classification number 658,FRE
100 1# - MAIN ENTRY--PERSONAL NAME
Personal name Peters, Thomas J.
9 (RLIN) 44612
245 10 - TITLE STATEMENT
Title In search of excellence :
Remainder of title lessons from America's best-run Companies /
Statement of responsibility, etc. by Thomas J. Peters and Robert H. Waterman, Jr.
250 ## - EDITION STATEMENT
Edition statement 1st ed.
260 ## - PUBLICATION, DISTRIBUTION, ETC.
Place of publication, distribution, etc. Lahore
Name of publisher, distributor, etc. Ferozesons pvt ltd.
Date of publication, distribution, etc. c1982.
300 ## - PHYSICAL DESCRIPTION
Extent xxvi, 360 p. ;
Dimensions 22 cm.
505 ## - FORMATTED CONTENTS NOTE
Formatted contents note Part 1: The Saving Remnant (Page-3), Part 2: Toward New Theory (Page-29), Part 3: Back to Basics (Page-89).
650 #0 - SUBJECT ADDED ENTRY--TOPICAL TERM
Topical term or geographic name entry element Industrial management
Geographic subdivision United States.
700 1# - ADDED ENTRY--PERSONAL NAME
Personal name Waterman, Robert H.
9 (RLIN) 107007
942 ## - ADDED ENTRY ELEMENTS (KOHA)
Source of classification or shelving scheme
Koha item type Book
Holdings
Withdrawn status Lost status Source of classification or shelving scheme Damaged status Not for loan Permanent Location Current Location Shelving location Date acquired Full call number Barcode Date last seen Price effective from Koha item type Public note
          Military College of Signals (MCS) Military College of Signals (MCS) General Stacks 12/12/2016 658,PET MCS21316 12/08/2016 12/12/2016 Book Almirah No.42, Shelf No.4
© 2023 Central Library, National University of Sciences and Technology. All Rights Reserved.